| 000 | 00639nam a2200229Ia 4500 | ||
|---|---|---|---|
| 005 | 20250508165044.0 | ||
| 008 | 008 250505s9999 xx 000 0 hin d | ||
| 020 | _a81-7024-459-5 | ||
| 037 | _aTextual | ||
| 040 |
_aFEDL _beng _cFEDL |
||
| 041 |
_ahin _2hin |
||
| 084 |
_a658.15, OSW _qFEDL |
||
| 100 |
_aOswal M L _9779822 |
||
| 245 | 0 | _aVitteya prabandh (Financial management) | |
| 260 |
_aNew Delhi, India _bAshish Publishing House _c1992 |
||
| 300 | _a332p. | ||
| 365 |
_aINR _b350 |
||
| 546 | _aMACESE | ||
| 700 |
_a Dixit R K Sharma M L _9779823 |
||
| 942 |
_cTEXL _h658.15, OSW |
||
| 999 |
_c1392870 _d1392870 |
||